[Event "Athens PAO CC-ch 16th"]
[Site "Athens"]
[Date "2024.02.23"]
[Round "6"]
[White "Kiryttopoulos, Panagiotis Aris"]
[Black "Chompas, Vasileios"]
[Result "0-1"]
[WhiteElo "1529"]
[BlackElo "1651"]
[PlyCount "160"]
[EventDate "2024.01.19"]
[EventType "swiss"]
[EventRounds "7"]
[EventCountry "GRE"]
[SourceTitle "CB16_2024"]
[SourceDate "2024.04.17"]
[SourceVersion "1"]
[SourceVersionDate "2024.04.17"]
[SourceQuality "1"]

1. d4 Nf6 2. Nf3 e6 3. c4 Bb4+ 4. Nbd2 d6 5. a3 Bxd2+ 6. Bxd2 0-0 7. Bg5 h6 8. Bh4 Nbd7 9. e3 Re8 10. Be2 e5 11. d5 Nf8 12. Qc2 Ng6 13. e4 Nxh4 14. Nxh4 Nxd5 15. Nf5 Nf4 16. g3 Nxe2 17. Qxe2 Bxf5 18. exf5 e4 19. h4 Qf6 20. g4 Re7 21. 0-0-0 Rae8 22. Qe3 b6 23. Rdg1 Kh7 24. Rg3 c6 25. Rhg1 Qe5 26. g5 Qxf5 27. gxh6 g6 28. Rg5 Qf3 29. Qd4 Qf4+ 30. Kb1 Kxh6 31. h5 Qxg5 32. Rxg5 Kxg5 33. hxg6 fxg6 34. Qxd6 Re6 35. Qg3+ Kf6 36. Qc3+ Kf7 37. c5 R8e7 38. Qe3 b5 39. Qh6 Rf6 40. Qd2 Rf3 41. Ka2 Re6 42. Qd4 Ref6 43. Qd8 Rxf2 44. Qd7+ Kg8 45. Qe8+ Kg7 46. Qe7+ Kh6 47. Qxe4 a5 48. Qh4+ Kg7 49. Qd4 R2f4 50. Qd7+ Kh6 51. Qd2 g5 52. Qxa5 g4 53. Qe1 Rg6 54. Qh4+ Kg7 55. Qg3 Rf3 56. Qc7+ Kh6 57. Qh2+ Kg5 58. Qe5+ Rf5 59. Qg3 Rf3 60. Qe5+ Rf5 61. Qg3 Re6 62. Qg2 Rxc5 63. Qd2+ Kg6 64. Qd3+ Rf5 65. b3 Kg5 66. Qd2+ Kh5 67. Qh2+ Kg6 68. a4 bxa4 69. bxa4 Ref6 70. Kb3 Rf3+ 71. Kb4 g3 72. Qh3 Kg5 73. a5 R6f4+ 74. Kc5 Rg4 75. Qh8 g2 76. Qg7+ Kh4 77. Qh8+ Kg3 78. Qe5+ Rff4 79. Qe3+ Kh2 80. Qe2 Kh1 0-1

[Event "Athens PAO CC-ch 16th"]
[Site "Athens"]
[Date "2024.01.26"]
[Round "2"]
[White "Voulgaris, Georgios"]
[Black "Kiryttopoulos, Panagiotis Aris"]
[Result "0-1"]
[WhiteElo "1168"]
[BlackElo "1529"]
[PlyCount "83"]
[EventDate "2024.01.19"]
[EventType "swiss"]
[EventRounds "7"]
[EventCountry "GRE"]
[SourceTitle "CB16_2024"]
[SourceDate "2024.04.17"]
[SourceVersion "1"]
[SourceVersionDate "2024.04.17"]
[SourceQuality "1"]

1. e4 c5 2. Nf3 d6 3. h3 Nf6 4. Nc3 Nc6 5. Bb5 Bd7 6. d3 e6 7. 0-0 Be7 8. Bd2 0-0 9. Re1 e5 10. Qc1 a6 11. Bc4 b5 12. Bd5 Qb6 13. Bxc6 Bxc6 14. Ne2 a5 15. Ng3 Bd7 16. Nh4 Nxe4 17. Rxe4 f5 18. Nhxf5 Bxf5 19. Nxf5 Rxf5 20. Rg4 Kh8 21. Bg5 Bxg5 22. Rxg5 Raf8 23. Rxf5 Rxf5 24. Qe3 d5 25. Re1 Qc6 26. g4 Rf8 27. Qxe5 Qh6 28. Kg2 Qc6 29. Qe7 d4+ 30. Qe4 Qf6 31. Re2 h6 32. Qe5 Qf3+ 33. Kh2 c4 34. dxc4 bxc4 35. Qe4 Qxe4 36. Rxe4 Rxf2+ 37. Kg3 Rxc2 38. Rxd4 Rxb2 39. Rxc4 Rxa2 40. Kh4 Ra3 41. Kh5 Kh7 42. h4 0-1

[Event "GRE-ch U14"]
[Site "Peristeri"]
[Date "2023.07.08"]
[Round "8"]
[White "Stoimenidis, Markos"]
[Black "Kiryttopoulos, Panagiotis Aris"]
[Result "0-1"]
[WhiteElo "1224"]
[BlackElo "1527"]
[PlyCount "68"]
[EventDate "2023.07.03"]
[EventType "swiss"]
[EventRounds "9"]
[EventCountry "GRE"]
[SourceTitle "EXT 2024"]
[Source "ChessBase"]
[SourceDate "2023.10.10"]
[SourceVersion "1"]
[SourceVersionDate "2023.10.10"]
[SourceQuality "1"]

1. e4 c5 2. Nc3 e6 3. f4 d5 4. d3 Nc6 5. g3 d4 6. Nce2 Nf6 7. Bg2 e5 8. Nf3 Bd6 9. 0-0 Bg4 10. h3 Bxf3 11. Bxf3 h5 12. f5 h4 13. g4 Nh7 14. Qd2 Be7 15. Kh2 Ng5 16. Ng1 b5 17. a4 a6 18. Bg2 f6 19. Qe1 Kf7 20. Bxg5 fxg5 21. Nf3 Bf6 22. Qd2 Qe7 23. Qe2 Rhb8 24. Nxh4 gxh4 25. g5 Bxg5 26. Qh5+ Kg8 27. Qg6 Qf6 28. Qh5 Bf4+ 29. Rxf4 exf4 30. e5 Qxe5 31. Bxc6 f3+ 32. Kg1 Qg3+ 33. Kf1 Qg2+ 34. Ke1 Qe2# 0-1

[Event "GRE-ch U14"]
[Site "Peristeri"]
[Date "2023.07.04"]
[Round "3"]
[White "Kiryttopoulos, Panagiotis Aris"]
[Black "Christodoulou, Konstantinos Chryso"]
[Result "1-0"]
[WhiteElo "1527"]
[BlackElo "1230"]
[PlyCount "89"]
[EventDate "2023.07.03"]
[EventType "swiss"]
[EventRounds "9"]
[EventCountry "GRE"]
[SourceTitle "EXT 2024"]
[Source "ChessBase"]
[SourceDate "2023.10.10"]
[SourceVersion "1"]
[SourceVersionDate "2023.10.10"]
[SourceQuality "1"]

1. d4 d5 2. Nf3 c5 3. e3 Nc6 4. b3 Nf6 5. Bb2 Bf5 6. a3 e6 7. Bd3 Ne4 8. Ne5 Qg5 9. 0-0 Bd6 10. Bxe4 Bxe4 11. Qg4 Qh6 12. h3 Bxc2 13. Nxc6 bxc6 14. dxc5 Bxc5 15. Bxg7 f5 16. Qg3 Bd6 17. Qxd6 Qxg7 18. Qxc6+ Kf7 19. Nd2 Be4 20. Nxe4 fxe4 21. f3 Raf8 22. fxe4+ Kg6 23. Qxe6+ Rf6 24. Qg4+ Kf7 25. Rxf6+ Qxf6 26. Rf1 Qxf1+ 27. Kxf1 dxe4 28. Qxe4 h6 29. Qb7+ Kg6 30. Qxa7 Rf8+ 31. Ke2 Rf7 32. Qxf7+ Kxf7 33. a4 Ke7 34. a5 Kd7 35. e4 Kc6 36. e5 Kb5 37. e6 Kxa5 38. e7 Kb4 39. e8Q Kxb3 40. Qc6 h5 41. Qc5 h4 42. Kd2 Ka4 43. Qb6 Ka3 44. Kc3 Ka2 45. Qb2# 1-0

[Event "GRE-ch Online Blitz op 1st"]
[Site "Tornelo INT"]
[Date "2021.02.07"]
[Round "9"]
[White "Kiryttopoulos, Panagiotis Aris"]
[Black "Siakavaras, Konstantinos"]
[Result "1-0"]
[WhiteElo "1206"]
[BlackElo "1116"]
[PlyCount "55"]
[EventDate "2021.02.07"]
[EventType "swiss (blitz)"]
[EventRounds "16"]
[EventCountry "GRE"]
[SourceTitle "EXT 2023"]
[Source "ChessBase"]
[SourceDate "2022.10.05"]
[SourceVersion "1"]
[SourceVersionDate "2022.10.05"]
[SourceQuality "1"]

1. d4 d5 2. Nf3 Nc6 3. e3 Bg4 4. Be2 Nf6 5. h3 Bh5 6. 0-0 e6 7. b3 Be7 8. Bb2 0-0 9. Nbd2 Re8 10. Ne5 Bxe2 11. Qxe2 Nxe5 12. dxe5 Nd7 13. f4 f6 14. c4 dxc4 15. Nxc4 fxe5 16. Nxe5 Nxe5 17. fxe5 Qd5 18. Rad1 Qc6 19. Qh5 Red8 20. Qf7+ Kh8 21. Qxe7 h6 22. Rxd8+ Rxd8 23. Qxd8+ Kh7 24. Qf8 Qc2 25. Rf2 Qb1+ 26. Kh2 Qxa2 27. Rf7 Qxb2 28. Qxg7# 1-0

[Event "GRE-ch Online Blitz op 1st"]
[Site "Tornelo INT"]
[Date "2021.02.07"]
[Round "14"]
[White "Papachristopoulos, Georgios"]
[Black "Kiryttopoulos, Panagiotis Aris"]
[Result "1-0"]
[WhiteElo "1658"]
[BlackElo "1206"]
[PlyCount "89"]
[EventDate "2021.02.07"]
[EventType "swiss (blitz)"]
[EventRounds "16"]
[EventCountry "GRE"]
[SourceTitle "EXT 2023"]
[Source "ChessBase"]
[SourceDate "2022.10.05"]
[SourceVersion "1"]
[SourceVersionDate "2022.10.05"]
[SourceQuality "1"]

1. e4 c5 2. Nf3 e6 3. c3 d5 4. exd5 exd5 5. d4 cxd4 6. cxd4 Nf6 7. Nc3 Nc6 8. Bb5 Be7 9. 0-0 0-0 10. Re1 a6 11. Bxc6 bxc6 12. Ne5 Qc7 13. Nxc6 Qxc6 14. Rxe7 Qd6 15. Re1 Bb7 16. g3 Ne4 17. Bf4 Qg6 18. Qb3 Nxc3 19. Qxb7 Nb5 20. Qxd5 Rad8 21. Qe4 Rxd4 22. Qxg6 hxg6 23. Red1 Rfd8 24. Rxd4 Rxd4 25. a4 Na7 26. Rc1 Rxa4 27. Rc7 Nb5 28. Rc8+ Kh7 29. Rc6 Ra1+ 30. Kg2 Ra2 31. Be5 f6 32. Bc3 Nxc3 33. bxc3 a5 34. Ra6 a4 35. c4 a3 36. c5 Rc2 37. c6 a2 38. c7 Rxc7 39. Rxa2 g5 40. Kh3 Kg6 41. Ra5 Kh5 42. f3 Rc2 43. Ra6 f5 44. g4+ fxg4+ 45. fxg4# 1-0